Les systemes d'information : la representation
Saved in:
| Main Author: | |
|---|---|
| Format: | Book |
| Language: | French |
| Published: |
Paris :
Presses universitaires de France,
1981
|
| Series: | Systemes-decisions. Section Systemes de gestion
|
| Subjects: | |
| Tags: |
Add Tag
No Tags, Be the first to tag this record!
|
MARC
| LEADER | 00000nam a2200000 i 4500 | ||
|---|---|---|---|
| 001 | 1/40388 | ||
| 008 | 960315s1981 fre d | ||
| 020 | |a 2130369960 |c 164F | ||
| 035 | |l 10025220 | ||
| 040 | |a GR-MY-UA |b gre |e aacr | ||
| 041 | 0 | |a fre | |
| 082 | 0 | |a 658.4/038 |2 (19) | |
| 100 | 1 | |a Peaucelle, Jean Louis. | |
| 245 | 1 | 4 | |a Les systemes d'information : |b la representation / |c Jean-Louis Peaucelle |
| 260 | |a Paris : |b Presses universitaires de France, |c 1981 | ||
| 300 | |a vii, 249 p.; |b ill.; |c 24 cm | ||
| 490 | 1 | |a Systemes-decisions. Section Systemes de gestion | |
| 504 | |a Includes bibliographies | ||
| 650 | 0 | 0 | |a Management information systems. |
| 830 | 0 | |a Systemes-decisions. Section Systemes de gestion | |
| 852 | |a INST |b CHIOS |e 19960315 |h 658.4038 PEA |p 005200004396 |q 005200004396 |t BK |y 0 | ||
| 909 | |a Χ |b 011023 | ||